00934cam a22002775a 4500001001000000003000400010005001700014008004100031020001800072040004000090082002100130100002000151245007000171246006500241250001600306260003300322300002900355500002600384504005100410650003900461651001000500653002000510942000800530999001700538952010100555016489449OSt20180326135624.0130708r20142013enka frb 001 0 eng d a9781408173794 aStDuBDSbengcStDuBDSdUkdEG-ScBUE04222a686.233bHOS1 aHoskins, Steve.1 a3D printing for artists, designers and makers /cStephen Hoskins.3 aThree-dimensional printing for artists, designers and makers aReprint ed. aLondon :bBloomsbury,c2014. a143 p. :bill. ;c25 cm. aReprinted of 2013 ed. aIncludes bibliographical references and index. 7aThree-dimensional printing.2BUEsh 2BUEsh bGGENcMarch2018 2ddc c26412d26384 00102ddc4070aMAINbMAINc1STd2018-03-26l0o686.233 HOSp000047511r2025-07-15 00:00:00yBB